LDR 00714naa#a2200157#i#450# 001 RU\\bibl\126744 005 20260705001933.7 011 ## _a2542-1840 100 ## _a20260630b2026####ek#y0rusy0150####ca 102 ## _aRU 200 1# _aВыборы и отзыв народных судей как проявление народного контроля в советский период в истории России _eЖурнальная статья 210 1# _aКемерово _cКемеровский государственный университет _d2026 215 ## _a11 с. 608 ## _aЖурнальная статья _2local 700 #1 _aПастухов _gАлександр Сергеевич 856 4# _ajsocnet.ru _u